[Event "Sants Hostafrancs op-C 18th"]
[Site "Barcelona"]
[Date "2016.08.20"]
[Round "2"]
[White "Volpati, Antonio"]
[Black "Monteagudo Aguilera, Maximo"]
[Result "0-1"]
[WhiteElo "1622"]
[BlackElo "1759"]
[PlyCount "104"]
[EventDate "2016.08.19"]
[EventType "swiss"]
[EventRounds "10"]
[EventCountry "ESP"]
[SourceTitle "EXT 2019"]
[Source "ChessBase"]
[SourceDate "2018.10.10"]
[SourceVersion "1"]
[SourceVersionDate "2018.10.10"]
[SourceQuality "1"]

1. e4 e5 2. Nf3 Nc6 3. Bb5 a6 4. Ba4 Nf6 5. 0-0 b5 6. Bb3 Be7 7. Re1 d6 8. h3 0-0 9. c3 Na5 10. Bc2 c5 11. d4 Nc6 12. Nbd2 Qc7 13. Nf1 Bd7 14. Ne3 Rad8 15. Nd5 Qc8 16. dxe5 dxe5 17. Nxe5 Nxd5 18. exd5 Nxe5 19. Rxe5 Bf6 20. Re3 Bf5 21. Bxf5 Qxf5 22. d6 Be5 23. Rd3 Rd7 24. Be3 Rfd8 25. Bxc5 Bh2+ 26. Kxh2 Qxc5 27. Qe2 Rxd6 28. Rad1 h6 29. Rxd6 Rxd6 30. Rxd6 Qxd6+ 31. g3 Qd5 32. b3 Kf8 33. c4 bxc4 34. bxc4 Qc5 35. Kg2 a5 36. Qd3 Ke7 37. Qe4+ Kf6 38. Qf4+ Ke6 39. Qe3+ Qxe3 40. fxe3 Kd6 41. Kf2 Kc5 42. Ke2 Kxc4 43. Kd2 a4 44. Kc2 a3 45. Kd2 f5 46. Kc2 g5 47. h4 Kd5 48. Kd3 Ke5 49. Kd2 Ke4 50. hxg5 hxg5 51. Ke2 g4 52. Kf2 Kd3 0-1

[Event "Crema op 16th"]
[Site "Crema"]
[Date "2015.09.06"]
[Round "5"]
[White "Tedoldi, Guido"]
[Black "Volpati, Antonio"]
[Result "0-1"]
[WhiteElo "1512"]
[BlackElo "1644"]
[PlyCount "112"]
[EventDate "2015.09.04"]
[EventType "swiss"]
[EventRounds "6"]
[EventCountry "ITA"]
[SourceTitle "EXT 2024"]
[Source "ChessBase"]
[SourceDate "2023.10.10"]
[SourceVersion "1"]
[SourceVersionDate "2023.10.10"]
[SourceQuality "1"]

1. c4 Nf6 2. Nc3 g6 3. e4 d6 4. g3 Bg7 5. Bg2 c5 6. Nge2 Nc6 7. d3 Rb8 8. 0-0 0-0 9. Bg5 a6 10. Qd2 Bd7 11. Rac1 b5 12. cxb5 axb5 13. Nd5 Nxd5 14. exd5 Nd4 15. Rfe1 Re8 16. b4 Nxe2+ 17. Rxe2 Bg4 18. Ree1 Qd7 19. bxc5 dxc5 20. Rxc5 b4 21. Qc1 e6 22. dxe6 Bxe6 23. Bc6 Qxd3 24. Bxe8 Rxe8 25. Rc7 Qf3 26. Rxe6 fxe6 27. Rxg7+ Kxg7 28. Qc7+ Kg8 29. Bh6 Qf7 30. Qe5 Rd8 31. h4 Rd1+ 32. Kg2 Qb7+ 33. Kh3 Qd7 34. Qb8+ Qd8 35. Qxb4 Rh1+ 36. Kg4 Qd1+ 37. Kg5 Qd5+ 38. Kf6 Qf5+ 39. Ke7 Qf7+ 40. Kd6 Rd1+ 41. Kc6 Qe8+ 42. Kb7 Qd7+ 43. Kb6 Rd6+ 44. Ka5 Qc7+ 45. Ka4 Ra6+ 46. Kb3 Rb6 47. a3 Rxb4+ 48. axb4 Qc6 49. Be3 Qb5 50. Bc5 Kf7 51. Kc3 e5 52. g4 Ke6 53. g5 Kd5 54. Kd2 Ke4 55. Kc3 Qd3+ 56. Kb2 Qc4 0-1

[Event "Crema op 16th"]
[Site "Crema"]
[Date "2015.09.04"]
[Round "1"]
[White "Palma, Maria"]
[Black "Volpati, Antonio"]
[Result "1-0"]
[WhiteElo "1987"]
[BlackElo "1644"]
[PlyCount "63"]
[EventDate "2015.09.04"]
[EventType "swiss"]
[EventRounds "6"]
[EventCountry "ITA"]
[SourceTitle "EXT 2024"]
[Source "ChessBase"]
[SourceDate "2023.10.10"]
[SourceVersion "1"]
[SourceVersionDate "2023.10.10"]
[SourceQuality "1"]

1. Nf3 Nf6 2. c4 d6 3. d4 g6 4. g3 Bg7 5. Bg2 Nbd7 6. 0-0 0-0 7. Nc3 c5 8. dxc5 Nxc5 9. Re1 Rb8 10. e4 Bg4 11. h3 Bxf3 12. Qxf3 Nfd7 13. Rd1 Ne5 14. Qe2 Nc6 15. Be3 b6 16. f4 Qc8 17. Rac1 Nd7 18. Nd5 Nc5 19. b4 e6 20. bxc5 exd5 21. cxd5 Nd8 22. cxb6 Qb7 23. Rc7 Qxb6 24. Bxb6 Rxb6 25. Rxa7 Nb7 26. Qc4 Nc5 27. e5 Rfb8 28. exd6 Bf8 29. Qxc5 Bxd6 30. Qc3 Rb5 31. Rd7 Rc5 32. Qf6 1-0

[Event "Cremona Province-ch"]
[Site "Cremona"]
[Date "2014.03.19"]
[Round "3"]
[White "Volpati, Antonio"]
[Black "Righini, Giovanni"]
[Result "1/2-1/2"]
[WhiteElo "1630"]
[BlackElo "1895"]
[PlyCount "94"]
[EventDate "2014.03.05"]
[EventType "tourn"]
[EventRounds "7"]
[EventCountry "ITA"]
[SourceTitle "EXT 2015"]
[Source "ChessBase"]
[SourceDate "2014.11.20"]
[SourceVersion "1"]
[SourceVersionDate "2014.11.20"]
[SourceQuality "1"]

1. e4 e6 2. d4 b6 3. Nf3 Bb7 4. Bd3 Nf6 5. e5 Ne4 6. Nbd2 Nxd2 7. Bxd2 Be7 8. Qe2 0-0 9. 0-0 d6 10. Rad1 Nd7 11. Ne1 c5 12. c3 Qc7 13. f4 g6 14. Nf3 Rfe8 15. Ng5 Kg7 16. Qg4 Bxg5 17. Qxg5 Qd8 18. Rde1 f6 19. Qg3 dxe5 20. fxe5 f5 21. Bg5 Qc7 22. Qh4 c4 23. Qh6+ Kg8 24. Be2 b5 25. a3 Be4 26. Bf3 Bxf3 27. Rxf3 Nb6 28. h4 Qg7 29. Qxg7+ Kxg7 30. Bf6+ Kf7 31. h5 Nd5 32. hxg6+ hxg6 33. Bg5 Rh8 34. Rh3 a5 35. Rxh8 Rxh8 36. g3 Rh5 37. Bd8 a4 38. Kg2 f4 39. g4 f3+ 40. Kg3 Rh8 41. Bg5 Kg7 42. Rf1 Rf8 43. Rxf3 Rxf3+ 44. Kxf3 Kf7 45. Kg3 Kg7 46. Kh4 Kh7 47. Bd2 Kg7 1/2-1/2

[Event "Cremona Province-ch"]
[Site "Cremona"]
[Date "2014.03.12"]
[Round "2"]
[White "Volpati, Antonio"]
[Black "Romagnoli, Franco"]
[Result "1/2-1/2"]
[WhiteElo "1630"]
[BlackElo "2061"]
[PlyCount "101"]
[EventDate "2014.03.05"]
[EventType "tourn"]
[EventRounds "7"]
[EventCountry "ITA"]
[SourceTitle "EXT 2015"]
[Source "ChessBase"]
[SourceDate "2014.11.20"]
[SourceVersion "1"]
[SourceVersionDate "2014.11.20"]
[SourceQuality "1"]

1. e4 c5 2. Nf3 Nc6 3. Be2 g6 4. d4 cxd4 5. Nxd4 Bg7 6. c3 Qb6 7. Nb3 Nf6 8. Be3 Qc7 9. N1d2 d5 10. Bf3 dxe4 11. Nxe4 Bf5 12. Nxf6+ Bxf6 13. 0-0 Ne5 14. Bf4 Rd8 15. Nd4 Qb6 16. Qb3 Nxf3+ 17. Nxf3 Qxb3 18. axb3 a6 19. Be5 Bxe5 20. Nxe5 Rd5 21. Nf3 e5 22. Rfe1 f6 23. Rad1 Rxd1 24. Rxd1 Ke7 25. Ne1 Rd8 26. Rxd8 Kxd8 27. f3 Kd7 28. Kf2 a5 29. Ke3 Kd6 30. Nd3 Bxd3 31. Kxd3 Kd5 32. Ke3 f5 33. g3 b5 34. Kd3 g5 35. h3 h5 36. g4 fxg4 37. fxg4 hxg4 38. hxg4 e4+ 39. Ke3 Ke5 40. c4 bxc4 41. bxc4 a4 42. c5 Kd5 43. c6 Kxc6 44. Kxe4 Kc5 45. Kf5 Kb4 46. Kxg5 Kb3 47. Kh6 Kxb2 48. g5 a3 49. g6 a2 50. g7 a1Q 51. g8Q 1/2-1/2

[Event "Crema op 15th"]
[Site "Crema"]
[Date "2013.09.01"]
[Round "5"]
[White "Oteri, Aldo"]
[Black "Volpati, Antonio"]
[Result "1-0"]
[WhiteElo "1772"]
[BlackElo "1609"]
[PlyCount "103"]
[EventDate "2013.08.30"]
[EventType "swiss"]
[EventRounds "6"]
[EventCountry "ITA"]
[SourceTitle "EXT 2015"]
[Source "ChessBase"]
[SourceDate "2014.11.20"]
[SourceVersion "1"]
[SourceVersionDate "2014.11.20"]
[SourceQuality "1"]

1. e4 e6 2. d4 d5 3. Nd2 dxe4 4. Nxe4 Bd7 5. Bd3 Bc6 6. Nf3 Nd7 7. 0-0 Ngf6 8. Nxf6+ Nxf6 9. Qe2 Be7 10. Bb5 Qd5 11. Bxc6+ Qxc6 12. Ne5 Qd5 13. Rd1 0-0 14. Bg5 h6 15. c4 Qd6 16. Bh4 Rad8 17. Rd2 c6 18. Bg3 Qb4 19. a3 Qb6 20. c5 Qb3 21. Nc4 Rd7 22. Rc1 Nd5 23. Rd3 Qa4 24. Rf3 Nf6 25. Be5 Qa6 26. Rcc3 b5 27. cxb6 axb6 28. Bxf6 Bxf6 29. Rxf6 Rxd4 30. Rff3 Rfd8 31. Rfd3 Qb5 32. Rxd4 Rxd4 33. g3 Qd5 34. Ne3 Qe4 35. Rc1 c5 36. Qb5 Qf3 37. Qxb6 Rd2 38. Rf1 c4 39. Nxc4 Rd1 40. Ne3 Rd3 41. a4 Qe4 42. a5 Qa4 43. b4 Rb3 44. Nc2 Rb2 45. Qd8+ Kh7 46. Qd3+ Kg8 47. Rc1 Rb3 48. Qd2 Qb5 49. Nd4 Qd5 50. Nxb3 Qxb3 51. Rc8+ Kh7 52. Qc2+ 1-0

[Event "Crema op 15th"]
[Site "Crema"]
[Date "2013.09.01"]
[Round "6"]
[White "Volpati, Antonio"]
[Black "Colonetti, Fabio"]
[Result "1-0"]
[WhiteElo "1609"]
[BlackElo "1434"]
[PlyCount "49"]
[EventDate "2013.08.30"]
[EventType "swiss"]
[EventRounds "6"]
[EventCountry "ITA"]
[SourceTitle "EXT 2015"]
[Source "ChessBase"]
[SourceDate "2014.11.20"]
[SourceVersion "1"]
[SourceVersionDate "2014.11.20"]
[SourceQuality "1"]

1. e4 c5 2. Nf3 e6 3. d4 cxd4 4. Nxd4 Nc6 5. Nc3 a6 6. Be2 d6 7. 0-0 Nf6 8. f4 Qb6 9. Be3 Qxb2 10. Na4 Qb4 11. c3 Qa5 12. Nxc6 Qc7 13. Nb6 Qxc6 14. Nxa8 Qxe4 15. Bd4 Be7 16. Nc7+ Kd7 17. Na8 b5 18. Nb6+ Kc7 19. Bf3 Qg6 20. Nxc8 Rxc8 21. Rc1 Kd8 22. Bb7 Rc4 23. Bxa6 Qf5 24. Rb1 Ra4 25. Bxb5 1-0

[Event "Crema op 15th"]
[Site "Crema"]
[Date "2013.08.31"]
[Round "3"]
[White "Madaschi, Sergio"]
[Black "Volpati, Antonio"]
[Result "0-1"]
[WhiteElo "1493"]
[BlackElo "1609"]
[PlyCount "122"]
[EventDate "2013.08.30"]
[EventType "swiss"]
[EventRounds "6"]
[EventCountry "ITA"]
[SourceTitle "EXT 2015"]
[Source "ChessBase"]
[SourceDate "2014.11.20"]
[SourceVersion "1"]
[SourceVersionDate "2014.11.20"]
[SourceQuality "1"]

1. e4 e6 2. d4 d5 3. Nd2 b6 4. exd5 exd5 5. Ngf3 Nf6 6. Be2 c5 7. c4 cxd4 8. Nxd4 Bc5 9. N2b3 Be7 10. 0-0 0-0 11. cxd5 Ba6 12. Bxa6 Nxa6 13. Nc6 Qd7 14. Nxe7+ Qxe7 15. Re1 Qd6 16. Bg5 h6 17. Bh4 g5 18. Bg3 Qxd5 19. Qxd5 Nxd5 20. a3 Rac8 21. Re2 Nf4 22. Bxf4 gxf4 23. Nd4 Nc5 24. b4 Nd3 25. h3 Rfd8 26. Nf3 Nc1 27. Re1 Nd3 28. Re7 Rc2 29. Ne5 Nxe5 30. Rxe5 Rdd2 31. Rae1 Ra2 32. Rf5 Rd4 33. g3 Rxa3 34. Rxf4 Rxf4 35. gxf4 Rxh3 36. Ra1 Rf3 37. Rxa7 Rxf4 38. Ra8+ Kg7 39. Rb8 Rxb4 40. Rb7 Kf6 41. Kg2 h5 42. f3 Kg6 43. Kg3 b5 44. Rb8 Rb1 45. Kh3 b4 46. Rg8+ Kh7 47. Rg5 b3 48. Rxh5+ Kg6 49. Rb5 b2 50. Kg2 Kf6 51. f4 Ke6 52. Rb7 f5 53. Rb5 Kd6 54. Kf2 Kc6 55. Rb8 Kc5 56. Ke2 Rh1 57. Rc8+ Kd4 58. Rd8+ Ke4 59. Re8+ Kxf4 60. Re3 b1Q 61. Rf3+ Kg4 0-1

[Event "Crema op 15th"]
[Site "Crema"]
[Date "2013.08.30"]
[Round "2"]
[White "Volpati, Antonio"]
[Black "Gorini, Michele"]
[Result "0-1"]
[WhiteElo "1609"]
[BlackElo "1394"]
[PlyCount "92"]
[EventDate "2013.08.30"]
[EventType "swiss"]
[EventRounds "6"]
[EventCountry "ITA"]
[SourceTitle "EXT 2015"]
[Source "ChessBase"]
[SourceDate "2014.11.20"]
[SourceVersion "1"]
[SourceVersionDate "2014.11.20"]
[SourceQuality "1"]

1. e4 b6 2. Nf3 Bb7 3. Nc3 e6 4. d4 Nf6 5. Bg5 Be7 6. Bd3 d5 7. Bxf6 Bxf6 8. e5 Be7 9. Qd2 0-0 10. 0-0-0 c5 11. Nb5 Bc6 12. h4 h6 13. g4 c4 14. Be2 Bxb5 15. c3 a5 16. g5 h5 17. Nh2 g6 18. Rdg1 Kg7 19. Nf1 a4 20. a3 Rh8 21. Rh3 Nc6 22. Rf3 Na5 23. Qf4 Qf8 24. Ne3 Rd8 25. Nc2 Nc6 26. Qe3 Na7 27. Rf4 Be8 28. Nb4 Bxb4 29. cxb4 b5 30. Qc3 Nc6 31. Rg3 Ne7 32. Rgf3 Nf5 33. Bd1 Qe7 34. Bc2 Nxh4 35. Rf6 Nxf3 36. Qxf3 Rf8 37. Rf4 Qxg5 38. Kb1 Rc8 39. Rf6 Bd7 40. Bd1 Qg1 41. Kc2 Qe1 42. Qg3 Qe4+ 43. Kc3 Qd3+ 44. Qxd3 cxd3+ 45. Kxd3 Rc1 46. b3 Rxd1+ 0-1

[Event "Codogno op 3rd B"]
[Site "Codogno"]
[Date "2011.10.15"]
[Round "3"]
[White "Vecchio, Paolo L"]
[Black "Volpati, Antonio"]
[Result "0-1"]
[WhiteElo "1335"]
[BlackElo "1670"]
[PlyCount "112"]
[EventDate "2011.10.14"]
[EventType "swiss"]
[EventRounds "5"]
[EventCountry "ITA"]
[SourceTitle "EXT 2024"]
[Source "ChessBase"]
[SourceDate "2023.10.10"]
[SourceVersion "1"]
[SourceVersionDate "2023.10.10"]
[SourceQuality "1"]

1. e4 e5 2. Nf3 Nc6 3. d4 exd4 4. Nxd4 Bc5 5. Be3 Qf6 6. c3 Nxd4 7. Bxd4 Bxd4 8. cxd4 Ne7 9. Be2 0-0 10. 0-0 d6 11. Nc3 Qg6 12. h3 Bxh3 13. Bf3 Qg5 14. Qc1 Qxc1 15. Raxc1 Bd7 16. Nd5 Nxd5 17. exd5 Rac8 18. Rfe1 g6 19. Rc3 Rfe8 20. Rce3 Rxe3 21. Rxe3 Re8 22. Rxe8+ Bxe8 23. Kh2 f5 24. Be2 Kf7 25. f4 Kf6 26. b3 Bf7 27. Bc4 Be8 28. g3 c6 29. b4 cxd5 30. Bb3 Ke6 31. a3 Bb5 32. a4 Bc4 33. Bd1 Kd7 34. Kh3 Kc6 35. Kh4 h6 36. g4 fxg4 37. Bxg4 Bb3 38. a5 Kb5 39. Bd7+ Kxb4 40. Be8 g5+ 41. fxg5 hxg5+ 42. Kxg5 Kc4 43. Kf6 Kxd4 44. Ke6 Kc5 45. Kd7 Ba4+ 46. Kd8 Bxe8 47. Kxe8 d4 48. Kd8 d3 49. Kc7 Kb5 50. Kxb7 Kxa5 51. Kc6 d2 52. Kxd6 d1Q+ 53. Kc7 Kb5 54. Kb7 Qd7+ 55. Ka8 Kb6 56. Kb8 Qd8# 0-1

[Event "Codogno op 3rd B"]
[Site "Codogno"]
[Date "2011.10.15"]
[Round "4"]
[White "Volpati, Antonio"]
[Black "Marchesotti, Giovanni"]
[Result "1/2-1/2"]
[WhiteElo "1670"]
[BlackElo "1599"]
[PlyCount "90"]
[EventDate "2011.10.14"]
[EventType "swiss"]
[EventRounds "5"]
[EventCountry "ITA"]
[SourceTitle "EXT 2024"]
[Source "ChessBase"]
[SourceDate "2023.10.10"]
[SourceVersion "1"]
[SourceVersionDate "2023.10.10"]
[SourceQuality "1"]

1. e4 c6 2. Nf3 d5 3. exd5 cxd5 4. Bb5+ Bd7 5. Bxd7+ Nxd7 6. d4 e6 7. 0-0 Ngf6 8. Bg5 Be7 9. Nbd2 0-0 10. c3 h6 11. Bh4 Nh5 12. Bxe7 Qxe7 13. Ne5 Nhf6 14. Ndf3 Nxe5 15. Nxe5 Ne4 16. f3 Nd6 17. Re1 Rfc8 18. Rc1 Rc7 19. Re2 Rac8 20. Rec2 Qg5 21. Qd2 Qxd2 22. Rxd2 Nc4 23. Nxc4 Rxc4 24. Kf2 Kh7 25. f4 g6 26. Re2 Rxd4 27. cxd4 Rxc1 28. Ke3 Kg7 29. g3 h5 30. b3 b5 31. Kd2 Rc7 32. Re5 b4 33. Re1 Kf6 34. Re5 Rc3 35. Rg5 a5 36. Re5 Ke7 37. Re3 Rxe3 38. Kxe3 f5 39. Kf2 Kd6 40. Kg2 Kc6 41. Kh3 Kd6 42. Kh4 Ke7 43. Kg5 Kf7 44. Kh6 Kf6 45. Kh7 Kf7 1/2-1/2

[Event "Codogno op 3rd B"]
[Site "Codogno"]
[Date "2011.10.14"]
[Round "1"]
[White "Volpati, Antonio"]
[Black "Marzatico, Luca"]
[Result "1/2-1/2"]
[WhiteElo "1670"]
[BlackElo "1428"]
[PlyCount "53"]
[EventDate "2011.10.14"]
[EventType "swiss"]
[EventRounds "5"]
[EventCountry "ITA"]
[SourceTitle "EXT 2024"]
[Source "ChessBase"]
[SourceDate "2023.10.10"]
[SourceVersion "1"]
[SourceVersionDate "2023.10.10"]
[SourceQuality "1"]

1. e4 c5 2. Nf3 d6 3. Be2 Nc6 4. 0-0 Nf6 5. Nc3 a6 6. d3 e6 7. Bg5 Be7 8. Nd2 Qb6 9. Nc4 Qd8 10. f4 Nd4 11. Bf3 b5 12. Nd2 b4 13. Ne2 Nxf3+ 14. Rxf3 Bb7 15. Qf1 d5 16. Rd1 Qa5 17. Ra1 dxe4 18. Nc4 Qc7 19. Rg3 exd3 20. Rxd3 Be4 21. Rd2 Bd5 22. Ng3 Rd8 23. Rad1 0-0 24. b3 h6 25. Bxf6 Bxf6 26. Nh5 Bd4+ 27. Kh1 1/2-1/2

[Event "Crema op 13th"]
[Site "Crema"]
[Date "2011.09.04"]
[Round "6"]
[White "Milanesi, Erminio"]
[Black "Volpati, Antonio"]
[Result "1-0"]
[WhiteElo "1842"]
[BlackElo "1670"]
[PlyCount "117"]
[EventDate "2011.09.02"]
[EventType "swiss"]
[EventRounds "6"]
[EventCountry "ITA"]
[SourceTitle "EXT 2022"]
[Source "ChessBase"]
[SourceDate "2021.10.06"]
[SourceVersion "1"]
[SourceVersionDate "2021.10.06"]
[SourceQuality "1"]

1. e4 e5 2. Nf3 Nc6 3. Bc4 Nf6 4. d3 Be7 5. Nc3 0-0 6. a3 d6 7. h3 Bd7 8. g4 Qc8 9. Be3 Be6 10. Nd5 Qd7 11. Qe2 Nd8 12. g5 Nxd5 13. exd5 Bf5 14. Nh4 c6 15. Nxf5 Qxf5 16. h4 cxd5 17. Bxd5 Nc6 18. 0-0-0 Rfc8 19. Rdf1 Rc7 20. f4 exf4 21. Ba2 Ne5 22. Kb1 f3 23. Qd2 Rac8 24. Bb3 Qg4 25. Rfg1 Qf5 26. Bxa7 Ng4 27. Bb6 Rc6 28. Be3 d5 29. Rf1 Bc5 30. Bxc5 Rxc5 31. Qd1 f2 32. Qe2 Qe6 33. Qxe6 fxe6 34. Rh3 Rf8 35. d4 Rc7 36. c3 Rcf7 37. Bd1 Rf4 38. Kc1 Re4 39. Kd2 b5 40. Be2 b4 41. axb4 Ra8 42. Bxg4 Rxg4 43. Rxf2 Ra2 44. Kc2 Ra8 45. Kb3 Rg1 46. Rf4 Rga1 47. Re3 R1a6 48. h5 Rb6 49. g6 hxg6 50. hxg6 Rf8 51. Ref3 Rbb8 52. c4 dxc4+ 53. Kxc4 Rbc8+ 54. Kb3 Rcd8 55. Rxf8+ Rxf8 56. Rxf8+ Kxf8 57. Kc4 Ke7 58. Kc5 Kd7 59. b5 1-0

[Event "Crema op 13th"]
[Site "Crema"]
[Date "2011.09.03"]
[Round "3"]
[White "Tagliaferri, Valerio"]
[Black "Volpati, Antonio"]
[Result "1-0"]
[WhiteElo "1850"]
[BlackElo "1670"]
[PlyCount "141"]
[EventDate "2011.09.02"]
[EventType "swiss"]
[EventRounds "6"]
[EventCountry "ITA"]
[SourceTitle "EXT 2022"]
[Source "ChessBase"]
[SourceDate "2021.10.06"]
[SourceVersion "1"]
[SourceVersionDate "2021.10.06"]
[SourceQuality "1"]

1. e4 e5 2. Nf3 Nc6 3. Bb5 a6 4. Ba4 Nf6 5. 0-0 Be7 6. Re1 b5 7. Bb3 0-0 8. c3 Bb7 9. d3 d6 10. Nbd2 Na5 11. Bc2 Bc6 12. Nf1 Nb7 13. d4 exd4 14. cxd4 d5 15. e5 Ne4 16. Ng3 Qd7 17. Nxe4 dxe4 18. Bxe4 Bxe4 19. Rxe4 Qd5 20. Re1 Rad8 21. Qe2 c5 22. Be3 cxd4 23. Bxd4 Nc5 24. Red1 Qe4 25. Qxe4 Nxe4 26. Rac1 Ng5 27. Ne1 Ne6 28. Bb6 Rxd1 29. Rxd1 Bc5 30. Bxc5 Nxc5 31. Rd6 Ra8 32. f3 Kf8 33. Kf2 Ke7 34. Ke3 Rc8 35. Nd3 Nxd3 36. Kxd3 Rc1 37. Rxa6 Rb1 38. b3 Rb2 39. g4 Rxh2 40. Rb6 Rxa2 41. Rxb5 Rf2 42. Ke3 Rb2 43. Rb6 Rb1 44. b4 Re1+ 45. Kf4 Rc1 46. b5 Rc4+ 47. Kg3 Rc5 48. f4 Rc3+ 49. Kh4 Rc4 50. f5 Rb4 51. Rb7+ Ke8 52. e6 fxe6 53. fxe6 Re4 54. Rxg7 Rxe6 55. Rxh7 Rb6 56. Rh5 Kf7 57. Rf5+ Kg6 58. Rc5 Kf7 59. g5 Rb8 60. Rf5+ Kg7 61. Rc5 Rh8+ 62. Kg4 Rh1 63. Rc7+ Kg6 64. Rc6+ Kg7 65. g6 Rg1+ 66. Kf5 Rf1+ 67. Ke6 Kxg6 68. b6 Rb1 69. Kd7+ Kf7 70. Kc7 Ra1 71. b7 1-0

[Event "Crema op 13th"]
[Site "Crema"]
[Date "2011.09.02"]
[Round "2"]
[White "Volpati, Antonio"]
[Black "Scarabelli, Maurizio"]
[Result "1/2-1/2"]
[WhiteElo "1670"]
[BlackElo "1817"]
[PlyCount "117"]
[EventDate "2011.09.02"]
[EventType "swiss"]
[EventRounds "6"]
[EventCountry "ITA"]
[SourceTitle "EXT 2022"]
[Source "ChessBase"]
[SourceDate "2021.10.06"]
[SourceVersion "1"]
[SourceVersionDate "2021.10.06"]
[SourceQuality "1"]

1. e4 c5 2. Nf3 e6 3. c3 d5 4. exd5 Qxd5 5. Be2 Nc6 6. 0-0 Nf6 7. d3 Be7 8. Be3 0-0 9. Nbd2 Rd8 10. Qc2 b6 11. Nb3 Bb7 12. Rad1 Rac8 13. Qb1 a6 14. d4 c4 15. Nbd2 b5 16. b3 Na5 17. b4 Nc6 18. Qc2 Nb8 19. a4 Nbd7 20. axb5 axb5 21. Ra1 Ra8 22. Ra5 Rxa5 23. bxa5 Ra8 24. Ra1 Bd8 25. Qb2 Rxa5 26. Rxa5 Bxa5 27. Qa3 Bc7 28. h3 h6 29. Bd1 Ne4 30. Bc2 Nxd2 31. Bxd2 e5 32. Qe7 e4 33. Qe8+ Nf8 34. Nh4 Bc6 35. Qc8 Bd6 36. Be3 Bd7 37. Qd8 Bxh3 38. g3 g5 39. Ng2 Kg7 40. Qe8 Ng6 41. Bxe4 Qe6 42. Qxe6 Bxe6 43. Bc6 b4 44. cxb4 Bxb4 45. d5 Bf5 46. Bd4+ Kf8 47. Ne3 Bd3 48. Bb5 Ne7 49. Bxc4 Bxc4 50. Nxc4 Nxd5 51. Ne5 f6 52. Ng4 Kg7 53. Kg2 h5 54. Nh2 Kg6 55. Nf1 Nc7 56. Ne3 Ne6 57. Bxf6 Kxf6 58. Nd5+ Kf5 59. Nxb4 1/2-1/2

[Event "Crema op 05th"]
[Site "Crema"]
[Date "2003.09.07"]
[Round "6"]
[White "Volpati, Antonio"]
[Black "Zanotti, Luca"]
[Result "1-0"]
[WhiteElo "1510"]
[BlackElo "1600"]
[PlyCount "69"]
[EventDate "2003.09.05"]
[EventType "swiss"]
[EventRounds "6"]
[EventCountry "ITA"]
[SourceTitle "EXT 2007"]
[Source "ChessBase"]
[SourceDate "2006.11.23"]
[SourceVersion "1"]
[SourceVersionDate "2006.11.23"]
[SourceQuality "1"]

1. e4 e5 2. Nf3 d6 3. h3 a6 4. Bc4 h6 5. 0-0 Nf6 6. d3 Be7 7. Nc3 0-0 8. Nd5 Nxd5 9. Bxd5 c6 10. Bb3 Bd7 11. Nh2 Bg5 12. f4 exf4 13. Bxf4 Bxf4 14. Rxf4 Be8 15. Qd2 Qc7 16. Raf1 Nd7 17. Rg4 Nc5 18. Qxh6 Ne6 19. Bxe6 fxe6 20. Rxf8+ Kxf8 21. Qh8+ Ke7 22. Rxg7+ Bf7 23. Qxa8 Qb6+ 24. Kh1 Qxb2 25. Nf3 Qxg7 26. Qxb7+ Kf6 27. Qxc6 Bh5 28. Qxd6 Bxf3 29. Qf4+ Kg6 30. Qg3+ Kf7 31. Qxg7+ Kxg7 32. gxf3 Kg6 33. Kg2 Kg5 34. Kg3 e5 35. c4 1-0

[Event "Crema op 05th"]
[Site "Crema"]
[Date "2003.09.05"]
[Round "1"]
[White "Dallaglio, Giovanni"]
[Black "Volpati, Antonio"]
[Result "1-0"]
[WhiteElo "2034"]
[BlackElo "1510"]
[PlyCount "91"]
[EventDate "2003.09.05"]
[EventType "swiss"]
[EventRounds "6"]
[EventCountry "ITA"]
[SourceTitle "EXT 2007"]
[Source "ChessBase"]
[SourceDate "2006.11.23"]
[SourceVersion "1"]
[SourceVersionDate "2006.11.23"]
[SourceQuality "1"]

1. d4 g6 2. c4 Bg7 3. Nf3 Nf6 4. Nc3 d5 5. cxd5 Nxd5 6. Bd2 0-0 7. e4 Nb6 8. Be3 Nc6 9. Be2 Bg4 10. d5 Ne5 11. Nxe5 Bxe2 12. Qxe2 Bxe5 13. f4 Bg7 14. Rd1 Rc8 15. 0-0 Qe8 16. e5 Rd8 17. Rd2 c6 18. Rfd1 cxd5 19. Nxd5 Nxd5 20. Rxd5 Rxd5 21. Rxd5 Qc6 22. Qd2 a6 23. Rc5 Qe4 24. Rc7 Qb1+ 25. Kf2 Qxa2 26. Rxb7 Qe6 27. Qb4 Qc6 28. Qxe7 Qc2+ 29. Kf3 Qd1+ 30. Kg3 Qe2 31. Qc5 h5 32. h3 Bh6 33. Qd4 Rc8 34. Qd2 Qc4 35. Rd7 Bf8 36. Bd4 Qe6 37. Bc3 Bc5 38. Qd5 Qf5 39. Qd3 h4+ 40. Kf3 Qh5+ 41. g4 hxg3+ 42. Kxg3 g5 43. Rd8+ Rxd8 44. Qxd8+ Kg7 45. e6+ Kg6 46. Qf6+ 1-0

[Event "Crema op 04th"]
[Site "Crema"]
[Date "2002.09.08"]
[Round "6"]
[White "Volpati, Antonio"]
[Black "Sartorio, Diego"]
[Result "1/2-1/2"]
[WhiteElo "1540"]
[BlackElo "2050"]
[PlyCount "43"]
[EventDate "2002.09.06"]
[EventType "swiss"]
[EventRounds "6"]
[EventCountry "ITA"]
[SourceTitle "EXT 2007"]
[Source "ChessBase"]
[SourceDate "2006.11.23"]
[SourceVersion "1"]
[SourceVersionDate "2006.11.23"]
[SourceQuality "1"]

1. e4 d6 2. Nf3 Bg4 3. Be2 Nf6 4. d3 e5 5. Nc3 c6 6. h3 Bc8 7. 0-0 Be7 8. Nh2 d5 9. f4 exf4 10. Bxf4 Qb6+ 11. Kh1 Qxb2 12. Be5 Qb6 13. Ng4 Nbd7 14. Nxf6+ Nxf6 15. exd5 Qc5 16. Ne4 Nxe4 17. dxe4 cxd5 18. Qxd5 Qxd5 19. exd5 f6 20. Bc7 Kd7 21. Bf4 Bd6 22. Bb5+ 1/2-1/2

[Event "Crema op 04th"]
[Site "Crema"]
[Date "2002.09.07"]
[Round "3"]
[White "Festa, Samuele"]
[Black "Volpati, Antonio"]
[Result "1-0"]
[WhiteElo "1660"]
[BlackElo "1540"]
[PlyCount "95"]
[EventDate "2002.09.06"]
[EventType "swiss"]
[EventRounds "6"]
[EventCountry "ITA"]
[SourceTitle "EXT 2007"]
[Source "ChessBase"]
[SourceDate "2006.11.23"]
[SourceVersion "1"]
[SourceVersionDate "2006.11.23"]
[SourceQuality "1"]

1. Nf3 g6 2. d4 Nf6 3. c4 Bg7 4. Nc3 d5 5. Bf4 c6 6. e3 Bf5 7. Qb3 b6 8. cxd5 Nxd5 9. Nxd5 Qxd5 10. Qxd5 cxd5 11. Rc1 0-0 12. Be2 Nd7 13. Ba6 Nf6 14. Bb7 Rad8 15. Bc7 Rde8 16. Ne5 Nd7 17. Nxd7 Bxd7 18. Bxd5 Bb5 19. b3 Ba6 20. Bc6 Rc8 21. Bd7 Ra8 22. Rc3 Bf6 23. b4 Kg7 24. b5 Bb7 25. 0-0 e6 26. Rfc1 Bd8 27. Bd6 Rh8 28. Bc6 Bxc6 29. bxc6 Rc8 30. c7 Bf6 31. g3 Rhe8 32. Ra3 Be7 33. Bxe7 Rxe7 34. Rxa7 Rd7 35. Rb7 Kf6 36. Kg2 Ke7 37. Rc6 Rd6 38. Rbxb6 Rxc6 39. Rxc6 Kd7 40. Rc3 Ra8 41. c8Q+ Rxc8 42. Rxc8 Kxc8 43. Kf3 Kc7 44. Ke4 f6 45. g4 Kd6 46. a4 g5 47. f4 h6 48. f5 1-0